[Event "84th ESP-ch 2019"]
[Site "Marbella"]
[Date "2019.11.21"]
[Round "6.37"]
[White "Perez Ramos, Juan Carlos"]
[Black "Guadamuro Torrente, Anabel"]
[Result "0-1"]
[WhiteElo "1888"]
[BlackElo "2145"]
[Annotator "TA"]
[PlyCount "70"]
[EventDate "2019.11.16"]
[EventType "swiss"]
[EventCountry "ESP"]
[SourceTitle "playchess.com"]
[Source "ChessBase"]
[SourceQuality "1"]

{[%evp 9,70,0,0,0,1,-8,-2,-43,-10,-29,-17,-17,-17,-27,-17,-25,-17,-65,-60,-59,-59,-81,-55,-90,-107,-121,-118,-343,-341,-332,-323,-435,-436,-451,-453,-435,-459,-430,-445,-493,-495,-545,-543,-747,-682,-763,-739,-751,-735,-764,-741,-876,-839,-1034,-1030,-1282,-1283,-1195,-1099,-1277,-913,-906,-903]} 1. d4 Nf6 2. Nf3 b6 3. Bf4 Ba6 (3... Bb7 4. c4 e6 5. e3 Bb4+ 6. Nbd2 O-O 7. a3 Be7 8. h3 c5 9. Be2 cxd4 10. exd4 d5 11. O-O Nbd7 12. Rc1 Rc8 13. Qb3 dxc4 14. Nxc4 a6 {½-½ (34) Kuzubov,Y (2671)-Nihal,S (2610) Konya 2019}) 4. h3 e6 5. c3 Be7 6. Nbd2 {A47: 1 d4 Nf6 2 Nf3 b6: Torre, London and Colle Systems} c5 7. g4 O-O 8. Bg2 $146 {The position is equal.} ({Predecessor:} 8. Bh2 d5 9. Bg2 Nc6 10. O-O Rc8 11. Re1 cxd4 12. Nxd4 Nxd4 13. cxd4 {½-½ (49) Hebden,M (2519)-Ward,C (2456) Southend 2007}) 8... Bb7 9. Qc2 cxd4 10. cxd4 Nc6 {With the idea ...Nxd4!} 11. O-O Rc8 12. Qa4 a6 $36 {[%mdl 2048] Black is pushing.} 13. a3 b5 {[%cal Bb6b5,Bb5b4,Bb4b3][%mdl 32]} 14. Qd1 Na5 15. a4 b4 16. Rc1 Qb6 17. e3 b3 18. Nb1 $2 {[#]} (18. g5 $17 {keeps fighting.} Nd5 19. Be5) 18... Rxc1 $19 19. Qxc1 Rc8 20. Nc3 Ne4 {Black is clearly winning.} 21. Ne5 Nxc3 22. bxc3 Bxg2 23. Kxg2 f6 24. Nd3 Qc6+ 25. Kg1 Qxa4 26. Nc5 Bxc5 27. dxc5 e5 28. Bg3 Rxc5 29. f4 e4 30. Qd2 Qc6 31. Rc1 Nc4 32. Qd4 b2 33. Rb1 Qd5 34. Be1 Qxd4 35. cxd4 Rb5 {Accuracy: White = 13%, Black = 89%.} 0-1

[Event "84th ESP-ch 2019"]
[Site "Marbella"]
[Date "2019.11.21"]
[Round "6.38"]
[White "Luque Saiz, Andres"]
[Black "Perea Fruet, Lorenzo"]
[Result "1/2-1/2"]
[WhiteElo "2140"]
[BlackElo "1582"]
[Annotator "TA"]
[PlyCount "96"]
[EventDate "2019.11.16"]
[EventType "swiss"]
[EventCountry "ESP"]
[SourceTitle "playchess.com"]
[Source "ChessBase"]
[SourceQuality "1"]

{[%evp 14,96,29,17,25,17,50,32,43,41,53,-1,-8,-14,20,24,21,17,22,-26,-21,-55,-63,-58,0,-37,-23,-111,-106,-117,-42,-54,-46,-45,-52,-68,-54,-51,-25,-25,-25,-33,-22,-36,-2,-62,0,0,0,0,0,3,12,0,0,0,0,0,0,0,0,0,0,0,34,0,0,0,0,0,0,0,0,0,0,0,0,0,0,0,0,0,0,0,0]} 1. e4 c5 2. Nf3 e6 3. Nc3 Nc6 4. d4 cxd4 5. Nxd4 Qc7 6. g3 a6 7. Bg2 Nf6 8. O-O h5 {B47: Sicilian: Taimanov: 5 Nc3 Qc7 6 f4, 6 g3 and 6 Be2} (8... d6 9. Re1 Nd7 10. a4 Be7 11. Nde2 O-O 12. b3 Rb8 13. Bb2 b5 14. axb5 axb5 15. Nf4 b4 16. Na4 Bf6 {0-1 (68) Maghsoodloo,P (2656)-Shankland,S (2713) Biel 2019}) 9. Nxc6 bxc6 10. Bf4 e5 $1 {[%cal Re5f4] White is slightly better.} 11. Bg5 Bc5 $146 ({Predecessor:} 11... Be7 12. Na4 d6 13. c4 c5 14. a3 Be6 15. Qc2 Nd7 16. Be3 {½-½ (33) Sevian,S (2580)-Chandra,A (2491) Philadelphia 2016}) 12. Bf3 (12. Na4 $14 Be7 13. c4) 12... Nh7 $11 13. Bd2 Nf6 (13... h4 $5) 14. Na4 Ba7 15. c4 d6 16. Bg5 Nh7 17. Qd2 Nxg5 18. Qxg5 {[%mdl 64] [#] Double Attack} g6 (18... f6 $15 19. Qd2 Bd4) 19. Rfd1 Qe7 20. Qd2 (20. Qxe7+ $11 {remains equal.} Kxe7 21. c5) 20... Bd4 $17 21. Nc3 Be6 ({Better is} 21... Qf6 $17 22. Qe2 Ke7) 22. Ne2 $15 c5 $1 23. Nxd4 cxd4 24. Rdc1 O-O 25. b4 Rfc8 26. Be2 $1 Rc7 27. Rc2 Rac8 {[%cal Re6c4]} 28. Rac1 f5 29. f3 ({White should play} 29. Bd3 $11) 29... h4 (29... Kg7 $15) 30. Qh6 $11 Qh7 (30... Qg7 {feels hotter.} 31. Qxg7+ Kxg7 32. gxh4 Kf6 33. Bd3 a5) 31. Qxh7+ Kxh7 32. gxh4 f4 33. c5 a5 $1 34. a3 {c6 is the strong threat.} Bb3 35. Rb2 a4 {[%cal Rd6c5]} 36. Ba6 Ra8 37. Bc4 Bxc4 38. Rxc4 {[#] Threatens to win with c6.} dxc5 39. Rxc5 Rxc5 {The position is equal.} 40. bxc5 {[%mdl 4096] Endgame KR-KR} Rc8 41. Rc2 d3 42. Rd2 Rxc5 {Hoping for ...Rc3.} 43. Rxd3 Rc1+ 44. Kg2 Rc2+ 45. Kh3 Rf2 46. Rc3 Kh6 47. Rd3 Kh5 48. Rc3 Kh6 {Accuracy: White = 46%, Black = 61%.} 1/2-1/2

[Event "84th ESP-ch 2019"]
[Site "Marbella"]
[Date "2019.11.21"]
[Round "6.39"]
[White "Moreno Latorre, Fco Jose"]
[Black "De La Cruz Revilla, Miguel"]
[Result "0-1"]
[WhiteElo "1875"]
[BlackElo "2138"]
[Annotator "TA"]
[PlyCount "118"]
[EventDate "2019.11.16"]
[EventType "swiss"]
[EventCountry "ESP"]
[SourceTitle "playchess.com"]
[Source "ChessBase"]
[SourceQuality "1"]

{[%evp 9,118,6,18,0,22,-9,22,19,18,12,55,10,15,15,41,35,52,53,58,52,62,48,64,52,75,75,74,62,68,28,64,67,55,37,108,75,75,76,78,77,107,94,150,130,114,106,97,27,104,90,105,66,66,73,85,47,48,43,140,15,26,0,148,148,156,0,0,0,0,0,5,0,0,-37,-35,-100,-108,-110,-109,-137,-108,-132,-132,-206,-167,-276,-201,-170,-171,-237,-164,-162,-85,-212,-209,-291,-291,-267,-273,-543,-520,-29984,-29985,-29985,-29986,-29984,-29985,-29985,-29986,-29992,-29993]} 1. d4 Nf6 2. Bf4 d6 3. Nc3 Nbd7 4. Nf3 c5 (4... c6 5. e4 Qa5 6. e5 Ne4 7. e6 fxe6 8. Bd3 e5 9. dxe5 Nxc3 10. bxc3 Nxe5 11. Bxe5 dxe5 {½-½ (36) Kuzubov,Y (2671)-Ivanchuk,V (2684) Konya 2019}) 5. e3 g6 6. Be2 {A45: Trompowsky Attack} Bg7 7. O-O O-O 8. Nd2 $146 {The position is equal.} ({Predecessor:} 8. h3 b6 9. a4 Bb7 10. Qd3 a6 11. Nd2 Qc7 12. Bf3 Rac8 13. Bh2 Rfe8 14. Bxb7 Qxb7 {0-1 (42) Stroganova,K (1942)-Karatiken,S (1674) Bratislava 2019}) 8... a6 9. a4 b6 10. Bf3 Rb8 11. Qe2 Re8 12. d5 Nf8 13. Rfd1 N6d7 14. Nc4 Qc7 15. Ra2 Rd8 16. e4 Ne5 17. Nxe5 Bxe5 18. Bxe5 dxe5 19. Bg4 Rd6 20. Bxc8 Qxc8 21. Nb1 {[%cal Bc3b1,Bb1d2,Bd2f3][%mdl 32]} Qd7 ({Black should try} 21... b5 $14) 22. Nd2 b5 23. axb5 axb5 24. Rda1 Kg7 25. Nf3 Qg4 (25... f6 $142) 26. h3 Qf4 27. g3 Qf6 28. Ra5 (28. Ra7 $16) 28... Nd7 (28... e6 $11 {remains equal.}) 29. Kg2 c4 30. b3 $36 {[%mdl 2048] White has good play.} cxb3 31. cxb3 Rdb6 32. Qc2 Qd6 33. Ra7 R8b7 (33... R6b7 $14) 34. Ra8 ({White should play} 34. Qc8 $16 Qc5 35. Qd8) 34... Rb8 35. R8a7 (35. h4 $11) 35... R8b7 $16 36. Qc8 Qc5 {[#]} 37. Qxc5 $2 (37. Qd8 $1 $16 {Threatens to win with Rxb7.} Qd6 38. Rxb7 (38. Ra8 Rb8 $14) 38... Rxb7 39. Ra8) 37... Nxc5 $11 38. Nxe5 Nxe4 39. Nc6 Kf6 40. Rxb7 Rxb7 {[%mdl 4096] Endgame KRN-KRN} 41. b4 Nc3 42. Ra6 (42. d6 $1 $15 exd6 43. Rc1) 42... Nxd5 $17 43. Nd4+ e6 44. Nc2 Ke5 45. Kf3 Rc7 46. Ra2 (46. Na3 $17) 46... Rc3+ 47. Ke2 (47. Kg2 $142) 47... Rb3 {aiming for ...Nc3+.} 48. Ra5 Ke4 49. Kd2 (49. Ra7 {might work better.}) 49... Rf3 ({Don't take} 49... Nxb4 {[#]} 50. f3+ $1 {[%mdl 512]} Kd5 51. Nxb4+ Rxb4 52. Ra7) 50. Ke2 Rc3 ({Better is} 50... f5 $19 {Strongly threatening ...f4.} 51. Ra3 Rxa3 52. Nxa3 Nc3+ 53. Kd2 Kd4) 51. Kd2 (51. Na3 $17 {was called for.}) 51... Rd3+ $19 52. Ke2 Nc3+ 53. Kf1 Rd2 54. Ne3 $2 (54. Ne1 Nd1 55. f3+ Kd4 56. f4 Ne3+ 57. Kg1) 54... Kf3 55. Ke1 (55. Kg1 $19 Rxf2 56. Ra3 Ne2+ {[%mdl 64] Double Attack} 57. Kh1 Kxg3 58. Ng4+ Rf3 59. Rxf3+ Kxf3 60. Ne5+ Kg3 61. Nxf7) 55... Re2+ {Black mates.} 56. Kf1 Rxf2+ 57. Ke1 Kxe3 58. Ra3 Rc2 {[%cal Rc2c1]} 59. Ra1 Rh2 {Accuracy: White = 33%, Black = 37%.} 0-1

[Event "84th ESP-ch 2019"]
[Site "Marbella"]
[Date "2019.11.21"]
[Round "6.40"]
[White "Maceira Moya, Nery"]
[Black "Medina Romero, Jose"]
[Result "0-1"]
[WhiteElo "1773"]
[BlackElo "2083"]
[Annotator "NA"]
[PlyCount "84"]
[EventDate "2019.11.16"]
[EventType "swiss"]
[EventCountry "ESP"]
[SourceTitle "playchess.com"]
[Source "ChessBase"]
[SourceQuality "1"]
[TimeControl "5400+30"]

1. Nf3 {[%emt 0:00:00]} g6 {[%emt 0:00:00]} 2. g3 {[%emt 0:00:00]} Bg7 {[%emt 0:00:00]} 3. d4 {[%emt 0:00:00]} Nf6 {[%emt 0:00:00]} 4. Bg2 {[%emt 0:00:00]} O-O {[%emt 0:00:01]} 5. c4 {[%emt 0:00:01]} d6 {[%emt 0:00:15]} 6. O-O {[%emt 0:00:08]} a6 {[%emt 0:01:01]} 7. Nc3 {[%emt 0:00:42]} Nc6 {[%emt 0:00:08]} 8. e4 {[%emt 0:03:36]} e5 {[%emt 0:00:27]} 9. d5 {[%emt 0:05:11] E63: King's Indian: Fianchetto: Panno Variation with 7...a6} Na5 {[%emt 0:00:05]} (9... Ne7 10. Ne1 b5 11. cxb5 axb5 12. Nc2 {½-½ (12) Blagojevic,D (2518)-Vovk,A (2622) Gallipoli 2014}) 10. b3 c5 {[%emt 0:00:19]} 11. Bd2 {[%emt 0:01:15]} Bd7 {[%emt 0:01:08]} 12. Qe2 {[%emt 0:07:57]} Rb8 $146 {[%emt 0:01:52]} ({Predecessor:} 12... Qc7 13. Rfb1 Rfb8 14. a4 b6 15. Ne1 Nb7 16. Nd3 a5 {1-0 (45) Koay,Y (1641)-Lim,F (1538) Penang 2019}) 13. Na4 {[%emt 0:02:51]} b5 {[%emt 0:02:25]} 14. Nb2 {[%emt 0:00:33]} h6 {[%emt 0:06:57]} 15. Rfc1 {[%emt 0:01:05]} Nb7 {[%emt 0:02:40]} 16. Ne1 {[%emt 0:06:26]} Ne8 {[%emt 0:00:37]} 17. f4 {[%emt 0:10:38]} exf4 {[%emt 0:00:54]} 18. Bxf4 {[%emt 0:00:09]} bxc4 {[%emt 0:01:55]} 19. bxc4 {[%emt 0:00:21]} Bd4+ {[%emt 0:02:54]} 20. Kh1 {[%emt 0:01:38]} (20. Be3 $11) 20... Qf6 {[%emt 0:00:47]} (20... Nf6 $15) 21. Ned3 {[%emt 0:00:53]} Na5 {[%emt 0:01:09]} (21... g5 $11 {remains equal.} 22. Be3 Qg7) 22. Rab1 {[%emt 0:00:19]} h5 {[%emt 0:05:50]} 23. Qd2 {[%emt 0:03:26]} Qd8 {[%emt 0:00:51]} 24. e5 {[%emt 0:05:54]} (24. Bg5 $16 f6 25. Be3) 24... dxe5 25. Nxe5 {[%emt 0:03:27]} Bf5 {[%emt 0:01:01]} 26. Nbd3 {[%emt 0:04:16]} Rxb1 {[%emt 0:00:24]} 27. Rxb1 {[%emt 0:00:14]} Bxe5 {[%emt 0:00:28]} 28. Bxe5 {[%emt 0:00:34]} Nxc4 {[%emt 0:00:05]} 29. Qd1 {[%emt 0:05:05]} Bxd3 {[%emt 0:00:48]} 30. Rb8 {[%emt 0:01:13]} Qe7 $19 {[%emt 0:00:30]} 31. Bf4 {[%emt 0:00:58]} Be4 {[%emt 0:00:54]} 32. Qc1 {[%emt 0:03:36]} Bxg2+ {[%emt 0:00:15]} 33. Kxg2 {[%emt 0:00:11]} Qe4+ {[%emt 0:00:09]} 34. Kg1 {[%emt 0:01:30]} Qd4+ {[%emt 0:00:31]} 35. Kg2 {[%emt 0:00:16]} Qxd5+ {[%emt 0:00:10]} 36. Kg1 {[%emt 0:00:09]} Qd4+ {[%emt 0:00:10]} 37. Kg2 {[%emt 0:00:07]} Nf6 {[%emt 0:00:09]} 38. Rb3 {[%emt 0:01:36]} Re8 {[%emt 0:00:10]} 39. Rf3 {[%emt 0:00:55]} Re2+ {[%emt 0:00:18]} 40. Kf1 {[%emt 0:01:12]} Rxh2 {[%emt 0:00:06]} 41. Be3 {[%emt 0:00:35]} Nxe3+ {[%emt 0:00:50]} 42. Rxe3 {[%emt 0:00:08]} Rh1+ {[%emt 0:00:10]} 0-1

[Event "84th ESP-ch 2019"]
[Site "Marbella"]
[Date "2019.11.21"]
[Round "6.41"]
[White "Medarde Santiago, Luis Marcos"]
[Black "Munoz Suarez, Luis Alberto"]
[Result "1-0"]
[WhiteElo "2285"]
[BlackElo "1944"]
[Annotator "TA"]
[PlyCount "107"]
[EventDate "2019.11.16"]
[EventType "swiss"]
[EventCountry "ESP"]
[SourceTitle "playchess.com"]
[Source "ChessBase"]
[SourceQuality "1"]

{[%evp 12,107,21,0,32,35,28,50,66,52,56,16,15,6,16,27,32,10,49,33,63,54,40,44,75,54,106,106,100,100,94,91,96,90,91,94,94,100,100,89,123,91,88,91,119,76,82,76,145,72,147,149,147,155,557,302,287,283,614,435,413,363,335,279,272,287,350,349,306,327,472,443,513,477,493,476,526,519,568,568,555,562,715,430,446,0,728,717,683,654,778,781,760,750,806,901,800,792]} 1. e4 c5 2. Nf3 Nc6 3. d4 cxd4 4. Nxd4 Nf6 5. Nc3 e6 6. Ndb5 Bb4 7. Bf4 {[#] aiming for Nc7+.} e5 {B45: Sicilian Four Knights} (7... Nxe4 {with more complications.} 8. Qf3 Nxc3 9. bxc3 Qf6 10. O-O-O Ba5) (7... O-O 8. Bc7 Qe7 9. Bd6 Bxd6 10. Qxd6 Qd8 11. O-O-O a6 12. Nd4 Ne7 13. h4 b5 14. h5 Ne8 15. Qb4 Bb7 {½-½ (65) Sarana,A (2655)-Dreev,A (2662) Izhevsk 2019}) 8. Bg5 O-O 9. a3 Be7 {White is slightly better.} 10. Bxf6 Bxf6 11. Nd5 d6 $1 12. Nxf6+ Qxf6 13. Qxd6 Be6 $146 ({Predecessor:} 13... Qf4) 14. Qd2 Rfd8 (14... Rad8 $5 {[%cal Rd8d2]} 15. Bd3 Bc4 $11) 15. Bd3 Rac8 16. Qe3 a6 17. Nc3 Na5 18. O-O Nc4 ({Black should try} 18... Rd4 $14) 19. Bxc4 $1 $16 Rxc4 20. Qb6 Qg5 {Black wants to play ...Bh3!} 21. Rad1 Rcd4 {[#] Threatens to win with ...Bh3!} 22. f4 Qe7 23. fxe5 Rxd1 24. Rxd1 Rxd1+ 25. Nxd1 h6 26. Qd4 Qg5 27. Ne3 h5 28. Kh1 Qf4 29. h3 Qf2 ({Black should play} 29... Kh7) 30. Qd8+ Kh7 31. Qg5 Kg8 32. Nd5 {Ne7+ is the strong threat.} h4 $2 (32... g6 $16 33. Nf6+ Kf8) 33. Nf6+ Kf8 34. Nh5 {[%cal Rg5d8]} Qe1+ (34... Ke8 {was called for.} 35. Nxg7+ (35. Qxg7 Kd7 $16) 35... Kd7) 35. Kh2 $18 {[%cal Rg5d8]} Ke8 36. Qxg7 Kd7 37. Nf4 Kc6 38. Qg5 Kb6 39. Nd3 Qxe4 40. Qf4 Qc6 (40... Qxf4+ {was necessary.} 41. Nxf4 Ba2) 41. Qxh4 Ka7 42. Qf2+ Kb8 43. Nf4 Bf5 44. c3 Qe4 45. Qd4 Qe1 46. c4 Be4 47. Qd8+ Ka7 48. Qd4+ Kb8 $1 49. Qd6+ {White is clearly winning.} Ka7 50. Qc5+ Kb8 51. Qf8+ Ka7 52. Qxf7 Qf2 53. e6 Bc6 54. Nd5 {Accuracy: White = 68%, Black = 37%.} 1-0

[Event "84th ESP-ch 2019"]
[Site "Marbella"]
[Date "2019.11.21"]
[Round "6.42"]
[White "Ruiz Bellon, Manuel"]
[Black "Silva Lucena, Cristian"]
[Result "0-1"]
[WhiteElo "1994"]
[BlackElo "2244"]
[Annotator "ChessBase"]
[PlyCount "78"]
[EventDate "2019.11.16"]
[EventType "swiss"]
[EventCountry "ESP"]
[SourceTitle "playchess.com"]
[Source "ChessBase"]
[SourceQuality "1"]
[TimeControl "5400+30"]

1. Nf3 {[%emt 0:00:00]} d6 {[%emt 0:00:00]} 2. g3 {[%emt 0:00:00]} e5 {[%emt 0:00:05]} 3. d3 {[%emt 0:00:00]} g6 {[%emt 0:00:26]} 4. Bg2 {[%emt 0:00:01]} Bg7 {[%emt 0:00:03]} 5. c4 {[%emt 0:01:37]} Nf6 {[%emt 0:00:16]} 6. Nc3 {[%emt 0:01:32]} Nc6 {[%emt 0:00:09]} 7. Bg5 {[%emt 0:01:56]} h6 {[%emt 0:00:21]} 8. Bd2 {[%emt 0:00:17]} O-O {[%emt 0:00:23]} 9. O-O {[%emt 0:00:07]} Re8 {[%emt 0:00:19]} 10. Qc2 {[%emt 0:05:36]} Bg4 {[%emt 0:00:43]} 11. Be3 {[%emt 0:02:24]} Qd7 {[%emt 0:01:33]} 12. Rac1 {[%emt 0:16:21]} Kh7 {[%emt 0:01:50]} 13. a3 {[%emt 0:00:41]} a5 {[%emt 0:00:23]} 14. Nd5 {[%emt 0:00:30]} Ne7 {[%emt 0:00:47]} 15. Nxe7 {[%emt 0:09:53]} Rxe7 {[%emt 0:02:02]} 16. c5 {[%emt 0:09:25]} Nd5 {[%emt 0:00:30]} 17. Bd2 {[%emt 0:01:07]} c6 {[%emt 0:03:58]} 18. cxd6 {[%emt 0:01:20]} Qxd6 {[%emt 0:00:30]} 19. Qc5 {[%emt 0:00:30]} Qxc5 {[%emt 0:00:30]} 20. Rxc5 {[%emt 0:00:30]} a4 {[%emt 0:00:30]} 21. Rfc1 {[%emt 0:04:36]} Nc7 {[%emt 0:01:48]} 22. Ra5 {[%emt 0:00:30]} Rxa5 {[%emt 0:00:30]} 23. Bxa5 {[%emt 0:00:30]} e4 {[%emt 0:00:30]} 24. dxe4 {[%emt 0:15:17]} Bxb2 {[%emt 0:05:22]} 25. Rb1 {[%emt 0:00:46]} Bxa3 {[%emt 0:00:24]} 26. Rxb7 {[%emt 0:00:03]} Nb5 {[%emt 0:00:10]} 27. Rb6 {[%emt 0:05:03]} Bd7 {[%emt 0:01:57]} 28. Nd2 {[%emt 0:01:25]} Bc5 {[%emt 0:01:12]} 29. Ra6 {[%emt 0:00:23]} a3 {[%emt 0:05:13]} 30. Bd8 {[%emt 0:00:16]} Re8 {[%emt 0:00:47]} 31. Bf6 {[%emt 0:00:24]} Bb4 {[%emt 0:00:05]} 32. Nc4 {[%emt 0:06:08]} c5 {[%emt 0:04:47]} 33. Ba1 {[%emt 0:01:46]} Be6 {[%emt 0:00:33]} 34. Ne5 {[%emt 0:01:54]} a2 {[%emt 0:01:00]} 35. Nd3 {[%emt 0:02:22]} Na3 {[%emt 0:00:30]} 36. e5 {[%emt 0:00:30]} Nc2 {[%emt 0:01:35]} 37. Bb2 {[%emt 0:03:01]} Ba3 {[%emt 0:00:08]} 38. Bc3 {[%emt 0:02:17]} Rb8 {[%emt 0:02:02]} 39. Be4 {[%emt 0:00:08]} Rb3 {[%emt 0:01:39]} 0-1

[Event "84th ESP-ch 2019"]
[Site "Marbella"]
[Date "2019.11.22"]
[Round "7.1"]
[White "Vallejo Pons, Francisco"]
[Black "Cuenca Jimenez, Jose Fernando"]
[Result "*"]
[WhiteElo "2694"]
[BlackElo "2523"]
[Annotator "TA"]
[PlyCount "40"]
[EventDate "2019.11.16"]
[EventType "swiss"]
[EventCountry "ESP"]
[SourceTitle "playchess.com"]
[Source "ChessBase"]
[SourceQuality "1"]

{[%evp 6,6,16]} 1. d4 d5 2. c4 e6 3. Nc3 Nf6 {Predecessor:} 4. cxd5 $146 exd5 5. Bg5 Be7 6. e3 O-O 7. Bd3 c6 8. Nge2 Re8 9. Qc2 Nbd7 10. O-O Nf8 11. f3 g6 12. Bh4 Ne6 13. Kh1 b5 14. Rad1 Bb7 15. Qc1 Rc8 16. e4 b4 17. Na4 Qa5 18. b3 c5 19. Nxc5 Nxc5 20. dxc5 Rxc5 {½-½ (41) Mamedyarov,S (2767)-Radjabov,T (2758) Khanty-Mansiysk 2019} *

[Event "84th ESP-ch 2019"]
[Site "Marbella"]
[Date "2019.11.22"]
[Round "7.1"]
[White "Vallejo Pons, Francisco"]
[Black "Cuenca Jimenez, Jose Fernando"]
[Result "0-1"]
[WhiteElo "2694"]
[BlackElo "2523"]
[Annotator "TA"]
[PlyCount "32"]
[EventDate "2019.11.16"]
[EventType "swiss"]
[EventCountry "ESP"]
[SourceTitle "playchess.com"]
[Source "ChessBase"]
[SourceQuality "1"]

{[%evp 13,98,22,18,13,21,12,20,14,19,23,20,0,3,0,0,0,0,0,0,-24,-5,-15,-7,-12,-17,-16,-17,-17,-14,-7,-9,-18,-10,-41,-44,-104,-104,-123,-104,-104,-104,-120,-125,-116,-111,-110,-99,-108,-99,-141,-94,-96,-96,-98,-97,-97,-97,-97,-97,-111,-111,-174,-174,-180,-175,-298,-283,-287,-278,-263,-174,-175,-80,-29958,-29958,-29960,-29961,-29960,-29962,-29961,-29962,-29961,-29962,-29963,-29961,-12789,-12789]} 1. d4 d5 2. c4 e6 3. Nc3 Nf6 4. cxd5 exd5 5. Bg5 Be7 6. e3 c6 7. Bd3 Nbd7 {[%cal Bb8d7,Bd7f8,Bf8e6,Be6c5][%mdl 32]} 8. h3 {D35: Queen's Gambit Declined: Exchange Variation} (8. Nge2 Nf8 9. O-O Ne6 10. Bh4 O-O 11. f3 b6 12. Kh1 g6 13. Bf2 c5 14. Qd2 Bb7 15. Rad1 a6 16. Bc2 Re8 {1-0 (39) Cheparinov,I (2666)-Wang,H (2725) Changsha 2019}) 8... Nf8 9. Qc2 Ne6 10. Bh4 {The position is equal.} g6 11. O-O-O O-O 12. Nf3 c5 13. dxc5 Nxc5 14. Nd4 Bd7 15. Kb1 Rc8 16. Rc1 Nfe4 {Played: Nc5-a4} 0-1

[Event "84th ESP-ch 2019"]
[Site "Marbella"]
[Date "2019.11.22"]
[Round "7.2"]
[White "Shirov, Alexei"]
[Black "Santos Ruiz, Miguel"]
[Result "1-0"]
[WhiteElo "2666"]
[BlackElo "2583"]
[Annotator "TA"]
[PlyCount "43"]
[EventDate "2019.11.16"]
[EventType "swiss"]
[EventCountry "ESP"]
[SourceTitle "playchess.com"]
[Source "ChessBase"]
[SourceQuality "1"]

{[%evp 13,43,20,22,16,43,45,42,35,48,36,20,30,39,52,48,47,52,24,45,38,37,44,65,64,81,81,77,69,171,169,2397,2103]} 1. e4 e5 2. Nf3 Nc6 3. Bb5 a6 4. Ba4 Nf6 5. O-O b5 6. Bb3 Bb7 7. d3 Bc5 8. Be3 {C78: Ruy Lopez: Archangelsk and Möller Defences} (8. a4 O-O 9. Nc3 Na5 10. Ba2 b4 11. Ne2 d5 12. Nxe5 dxe4 13. d4 Bb6 14. Bg5 b3 15. cxb3 Nc6 16. b4 Nxd4 17. Nxd4 Qxd4 18. Bxf6 Qxd1 19. Raxd1 gxf6 20. Nxf7 Rxf7 {1-0 (40) Anand,V (2779)-Topalov,V (2760) Saint Louis 2016}) 8... d6 9. Bxc5 dxc5 10. a4 {White is slightly better.} O-O 11. axb5 axb5 12. Nc3 Rxa1 13. Qxa1 c4 $146 ({Predecessor:} 13... b4 14. Nd5 Qd6 15. Nxf6+ Qxf6 {½-½ (47) Ottesen,S (2359)-Macchiagodena,M (2369) ICCF email 2006}) 14. dxc4 b4 15. Rd1 Qb8 $1 16. Nd5 $36 {[%mdl 2048] Strongly threatening Ba4. White has the initiative.} Nxe4 17. c3 bxc3 18. bxc3 Nc5 19. Bc2 e4 20. Ng5 f5 (20... Re8 $14) 21. Qa3 $18 Qa7 $2 {[#]} (21... Nd3 22. Ne6 {[%mdl 64] Double Attack} Rf7) 22. Qxa7 {Played: Nd5-e7} 1-0